|
|
|
|
| LEADER |
00735cam a2200205 7i4500 |
| 001 |
0000020603 |
| 005 |
20200519090000.0 |
| 008 |
090507 eng |
| 020 |
|
|
|a 9788184483383
|
| 020 |
|
|
|a 8184483384 (pbk.)
|
| 090 |
0 |
0 |
|a QD415
|b .S56 2008
|
| 100 |
1 |
|
|a Shetty, Beena V
|
| 245 |
1 |
0 |
|a Biochemistry for physiotherapy and allied health sciences students
|c Beena V Shetty, Nandini M, Vinitha Ramanath Pai.
|
| 260 |
|
|
|a New Delhi, India:
|b Jaypee Brothers Medical Publishers (P) Ltd,
|c 2008.
|
| 300 |
|
|
|a 353 p.:
|b ill.;
|c 25 cm.
|
| 500 |
|
|
|a Includes index
|
| 650 |
0 |
0 |
|a Biochemistry
|
| 997 |
|
|
|a Health Sciences, Faculty
|
| 998 |
|
|
|a Physiotherapy, Diploma
|
| 999 |
|
|
|a 0000036567
|b BOK
|c OPEN SHELF
|e 1st Floor, Shah Alam
|